00360 a2200121 450000100060000010000140000624500390002026000360005909000170009594200230011299900190013595200840015447349 aRosner G aThe united nations emergency force aNew YorkbColumbia universityc c30384d30384 aNUST-CAEcMc22652 c282422d282422 001040708NFICaCAEbCAEd2017-04-03l0pCAE36665r2017-04-05w2017-04-05yBK